[Event "Guelph op"]
[Site "Guelph"]
[Date "2005.07.31"]
[Round "8"]
[White "Ivanov, Igor Vasilievich"]
[Black "Burnett, Ronald"]
[Result "1/2-1/2"]
[WhiteElo "2407"]
[BlackElo "2433"]
[PlyCount "64"]
[EventDate "2005.07.28"]
[EventType "swiss"]
[EventRounds "9"]
[EventCountry "CAN"]
[SourceTitle "CBM 107 Extra"]
[Source "ChessBase"]
[SourceDate "2005.09.01"]
[SourceVersion "1"]
[SourceVersionDate "2005.09.01"]
[SourceQuality "1"]

1. Nf3 Nf6 2. c4 e6 3. d4 b6 4. g3 Bb7 5. Bg2 Be7 6. Nc3 Ne4 7. Bd2 0-0 8. d5 f5 9. Qc2 exd5 10. Nxd5 a5 11. 0-0 Nc6 12. Rfd1 Bc5 13. e3 Nb4 14. Bxb4 axb4 15. Nd2 Bxd5 16. cxd5 Nxd2 17. Qxd2 Qf6 18. h4 g6 19. b3 Rae8 20. Rac1 h6 21. Rc4 g5 22. Bf3 Re7 23. Kg2 Bd6 24. Rh1 Rg7 25. hxg5 hxg5 26. Qd4 Qxd4 27. Rxd4 Rh7 28. Rxh7 Kxh7 29. g4 f4 30. Be4+ Kg7 31. Bf5 fxe3 32. fxe3 Re8 1/2-1/2

[Event "Guelph op"]
[Site "Guelph"]
[Date "2005.07.29"]
[Round "3"]
[White "Divljan, Igor"]
[Black "Ivanov, Igor Vasilievich"]
[Result "0-1"]
[WhiteElo "2313"]
[BlackElo "2407"]
[PlyCount "148"]
[EventDate "2005.07.28"]
[EventType "swiss"]
[EventRounds "9"]
[EventCountry "CAN"]
[SourceTitle "CBM 107 Extra"]
[Source "ChessBase"]
[SourceDate "2005.09.01"]
[SourceVersion "1"]
[SourceVersionDate "2005.09.01"]
[SourceQuality "1"]

1. d4 Nf6 2. c4 e6 3. Nf3 b6 4. g3 Ba6 5. Nbd2 Bb7 6. Bg2 c5 7. e4 cxd4 8. 0-0 d6 9. Nxd4 Nbd7 10. Re1 Qb8 11. a4 a5 12. f4 e5 13. Nb5 Be7 14. f5 Nc5 15. Ra3 h6 16. Rae3 Bc6 17. b3 Qb7 18. Nc3 0-0 19. Bf3 g5 20. fxg6 fxg6 21. Nd5 Rf7 22. Bg2 Raf8 23. Nb1 Nxd5 24. exd5 Bd7 25. Nc3 Bg5 26. Ne4 Bxe3+ 27. Bxe3 Nxe4 28. Bxe4 Bh3 29. Bg2 Bxg2 30. Kxg2 Kh7 31. Qg4 Rf5 32. Qh3 Qg7 33. Qh4 h5 34. Qe4 Qf7 35. Re2 Qd7 36. Rb2 Rb8 37. Rb1 Rf7 38. Rb2 Qf5 39. Qxf5 gxf5 40. Kf3 Kg6 41. Rb1 Kf6 42. Rb2 Rh7 43. h4 Rhb7 44. Bg5+ Kf7 45. Ke3 Ke8 46. Rf2 Rf7 47. Rf1 Kd7 48. Rf2 Rg8 49. Rf1 Rgg7 50. Rf2 f4+ 51. gxf4 exf4+ 52. Rxf4 Rxf4 53. Kxf4 Rf7+ 54. Ke4 Rf1 55. Kd3 Rf3+ 56. Kc2 Rh3 57. Bf6 Rg3 58. Kb2 Rg6 59. Bd4 Ke7 60. Bxb6 Rg2+ 61. Kc3 Rh2 62. Be3 Rh3 63. Kd2 Kd7 64. Ke2 Rxh4 65. Kf3 Rh3+ 66. Kf2 Rh2+ 67. Kg1 Rb2 68. Bb6 Rxb3 69. Bxa5 Rb1+ 70. Kg2 Rc1 71. Bb6 Rxc4 72. a5 Rc3 73. a6 Kc8 74. Ba5 Ra3 0-1

[Event "Las Vegas National op"]
[Site "Las Vegas"]
[Date "2005.06.11"]
[Round "4"]
[White "Santalla, Andres"]
[Black "Ivanov, Igor Vasilievich"]
[Result "1-0"]
[WhiteElo "2075"]
[BlackElo "2407"]
[PlyCount "89"]
[EventDate "2005.06.10"]
[EventType "swiss"]
[EventRounds "7"]
[EventCountry "USA"]
[SourceTitle "CBM 106 Extra"]
[Source "ChessBase"]
[SourceDate "2005.07.01"]
[SourceVersion "1"]
[SourceVersionDate "2005.07.01"]
[SourceQuality "1"]

1. e4 g6 2. d4 Bg7 3. Nc3 c6 4. Be3 d5 5. f3 Qb6 6. Qd2 Qxb2 7. Rb1 Qa3 8. exd5 Nf6 9. dxc6 bxc6 10. Bc4 Nbd7 11. Nge2 0-0 12. Bh6 Nb6 13. Bxg7 Kxg7 14. Bd3 Ba6 15. Rb3 Qa5 16. Bxa6 Qxa6 17. h4 h5 18. Qg5 Nbd5 19. g4 hxg4 20. fxg4 Qc8 21. Rg1 Qe6 22. Nxd5 cxd5 23. Re3 Ne4 24. Qf4 Rfc8 25. c3 Rab8 26. Kf1 Rb2 27. a3 Rc6 28. g5 Ra6 29. c4 f5 30. c5 Ra4 31. h5 Rc4 32. hxg6 Rcc2 33. Rh1 Rxe2 34. Rh7+ Kxg6 35. Rh6+ Kf7 36. Rxe6 Rf2+ 37. Qxf2 Rxf2+ 38. Ke1 Rc2 39. Ra6 Nxg5 40. Rxa7 Ne4 41. Rh3 Rc4 42. Rh7+ Kf6 43. Raxe7 Rxd4 44. Rhf7+ Kg5 45. Re5 1-0

[Event "Las Vegas National op"]
[Site "Las Vegas"]
[Date "2004.06.18"]
[Round "1"]
[White "Ivanov, Igor Vasilievich"]
[Black "Meyer, Paul R"]
[Result "1-0"]
[WhiteElo "2438"]
[BlackElo "2253"]
[PlyCount "53"]
[EventDate "2004.06.18"]
[EventType "swiss"]
[EventRounds "6"]
[EventCountry "USA"]
[SourceTitle "CBM 100 Extra"]
[Source "ChessBase"]
[SourceDate "2004.07.06"]
[SourceVersion "2"]
[SourceVersionDate "2004.07.06"]
[SourceQuality "1"]

1. c4 e6 2. g3 d5 3. Bg2 Nf6 4. Nf3 c5 5. 0-0 Nc6 6. e3 d4 7. exd4 Nxd4 8. Nxd4 cxd4 9. d3 Bd6 10. Bg5 0-0 11. Nd2 h6 12. Bxf6 Qxf6 13. Ne4 Qe7 14. Nxd6 Qxd6 15. Rc1 Qb4 16. Qc2 Rb8 17. Rfe1 b6 18. a3 Qd6 19. b4 e5 20. c5 bxc5 21. Qxc5 Qxc5 22. Rxc5 Ba6 23. Rcxe5 Bxd3 24. Rd1 Ba6 25. Rxd4 Rbd8 26. Rxd8 Rxd8 27. h4 1-0

[Event "North American op"]
[Site "Las Vegas"]
[Date "2002.12.27"]
[Round "2"]
[White "Ivanov, Igor Vasilievich"]
[Black "MacKenzie, Dana N"]
[Result "1-0"]
[WhiteElo "2433"]
[BlackElo "2116"]
[PlyCount "103"]
[EventDate "2002.12.26"]
[EventType "swiss"]
[EventRounds "6"]
[EventCountry "USA"]
[SourceTitle "CBM 092 Extra"]
[Source "ChessBase"]
[SourceDate "2003.03.07"]
[SourceVersion "1"]
[SourceVersionDate "2003.03.07"]
[SourceQuality "1"]

1. d4 Nf6 2. c4 d5 3. cxd5 Nxd5 4. Nf3 Bf5 5. Qb3 e6 6. Bg5 Bb4+ 7. Nc3 Qd6 8. Bd2 0-0 9. Rc1 Nc6 10. e3 Na5 11. Qd1 Nxc3 12. Bxc3 c5 13. Bxb4 cxb4 14. Bd3 Bxd3 15. Qxd3 Rac8 16. 0-0 f6 17. Qb5 b6 18. h3 Qd5 19. Qa6 Qb7 20. Qxb7 Nxb7 21. Rfd1 Rfd8 22. Kf1 Kf7 23. Ke2 Ke7 24. Ne1 a5 25. Nd3 g5 26. Rxc8 Rxc8 27. Rc1 Rxc1 28. Nxc1 Nd6 29. Kd3 b5 30. b3 f5 31. f3 Kd7 32. g4 Kc6 33. Ne2 h6 34. Ng3 fxg4 35. hxg4 Nf7 36. f4 gxf4 37. exf4 Kd5 38. Ne4 Kc6 39. g5 hxg5 40. fxg5 Nh8 41. Nf6 Ng6 42. Ke4 Kd6 43. Nh5 Ne7 44. Nf4 a4 45. g6 axb3 46. axb3 Ng8 47. Nd3 Nf6+ 48. Ke3 Nd5+ 49. Kf3 Ke7 50. Nf4 Nc3 51. g7 Kf7 52. Nxe6 1-0

[Event "Toronto CMA Futurity 2nd"]
[Site "Toronto"]
[Date "2002.08.21"]
[Round "9"]
[White "Ivanov, Igor Vasilievich"]
[Black "Tyomkin, Dimitri"]
[Result "0-1"]
[WhiteElo "2489"]
[BlackElo "2482"]
[PlyCount "80"]
[EventDate "2002.08.12"]
[EventType "tourn"]
[EventRounds "9"]
[EventCountry "CAN"]
[EventCategory "6"]
[SourceTitle "CBM 089 Extra"]
[Source "ChessBase"]
[SourceDate "2002.09.10"]
[SourceVersion "2"]
[SourceVersionDate "2002.09.10"]
[SourceQuality "1"]

1. d4 Nf6 2. c4 g6 3. Nc3 d5 4. cxd5 Nxd5 5. e4 Nxc3 6. bxc3 Bg7 7. Bc4 0-0 8. h4 c5 9. Ne2 cxd4 10. cxd4 Nc6 11. Be3 Bg4 12. f3 Na5 13. Bd5 Bd7 14. h5 e6 15. Bb3 Bb5 16. hxg6 hxg6 17. e5 Bxe2 18. Qxe2 Rc8 19. Qd2 Nc4 20. Bxc4 Rxc4 21. Rd1 Qe7 22. Bh6 Qb4 23. Qxb4 Rxb4 24. Bxg7 Kxg7 25. d5 Rb5 26. f4 exd5 27. 0-0 Rc8 28. Rd2 Rc4 29. g3 Rc3 30. Kg2 Ra5 31. f5 Re3 32. e6 gxf5 33. exf7 Re5 34. Rc2 Kxf7 35. Rc7+ Kg6 36. Rxb7 Rxa2+ 37. Rf2 Ra3 38. Rb8 a5 39. Rb5 a4 40. Rd2 Ree3 0-1

[Event "Toronto CMA Futurity 2nd"]
[Site "Toronto"]
[Date "2002.08.13"]
[Round "2"]
[White "Ivanov, Igor Vasilievich"]
[Black "Zugic, Igor"]
[Result "1-0"]
[WhiteElo "2489"]
[BlackElo "2450"]
[PlyCount "103"]
[EventDate "2002.08.12"]
[EventType "tourn"]
[EventRounds "9"]
[EventCountry "CAN"]
[EventCategory "6"]
[SourceTitle "CBM 089 Extra"]
[Source "ChessBase"]
[SourceDate "2002.09.10"]
[SourceVersion "2"]
[SourceVersionDate "2002.09.10"]
[SourceQuality "1"]

1. d4 d5 2. c4 c6 3. e3 Nf6 4. Nc3 g6 5. Nf3 Bg7 6. Be2 0-0 7. 0-0 dxc4 8. Bxc4 Bg4 9. Be2 Nbd7 10. h3 Bxf3 11. Bxf3 e5 12. d5 cxd5 13. Bxd5 Nc5 14. b4 Nxd5 15. Qxd5 Qxd5 16. Nxd5 Rfd8 17. Ne7+ Kf8 18. Nxg6+ hxg6 19. bxc5 Rac8 20. Rb1 Rd7 21. e4 Ke8 22. Be3 Bf8 23. Rfc1 Rc6 24. g4 f6 25. h4 Rh7 26. f3 Ra6 27. Rc2 Rd7 28. Kf2 Rc6 29. h5 gxh5 30. gxh5 b6 31. Kg3 Rg7+ 32. Kh3 Bxc5 33. Bxc5 Rxc5 34. Rxc5 bxc5 35. Rb8+ Kf7 36. Rc8 Rg5 37. Kh4 Rg1 38. Rc7+ Ke6 39. Rxc5 Rh1+ 40. Kg3 Rxh5 41. Ra5 Rg5+ 42. Kf2 f5 43. Ra6+ Kf7 44. Rxa7+ Kf6 45. Ra6+ Kf7 46. exf5 Rxf5 47. Ke3 Rf4 48. a4 Kg7 49. Ra8 Kf7 50. a5 Ra4 51. a6 Kg7 52. a7 1-0

[Event "Toronto CMA Futurity 2nd"]
[Site "Toronto"]
[Date "2002.08.12"]
[Round "1"]
[White "Bluvshtein, Mark"]
[Black "Ivanov, Igor Vasilievich"]
[Result "1-0"]
[WhiteElo "2367"]
[BlackElo "2489"]
[PlyCount "75"]
[EventDate "2002.08.12"]
[EventType "tourn"]
[EventRounds "9"]
[EventCountry "CAN"]
[EventCategory "6"]
[SourceTitle "CBM 089 Extra"]
[Source "ChessBase"]
[SourceDate "2002.09.10"]
[SourceVersion "2"]
[SourceVersionDate "2002.09.10"]
[SourceQuality "1"]

1. d4 g6 2. e4 Bg7 3. Nf3 d6 4. c4 Nf6 5. Nc3 0-0 6. Be2 e5 7. 0-0 Nc6 8. d5 Ne7 9. Ne1 Nd7 10. Be3 f5 11. f3 f4 12. Bf2 g5 13. Rc1 Ng6 14. c5 Nxc5 15. b4 Na6 16. Nb5 Rf7 17. Nxa7 Nxb4 18. a4 b6 19. Nxc8 Qxc8 20. Qd2 Na6 21. Bxb6 h5 22. Kh1 Bh6 23. Bb5 g4 24. Qe2 Bf8 25. Bg1 Rg7 26. Bc6 Rb8 27. Bb5 Ra8 28. Bc6 Rb8 29. Ba7 Rb4 30. Bb5 c5 31. Bxa6 Qa8 32. Bxc5 Rxa4 33. Bxd6 Rxa6 34. Bxf8 Nxf8 35. Nd3 Ng6 36. Nc5 Ra2 37. Rc2 gxf3 38. Rxa2 1-0

[Event "Guelph op"]
[Site "Guelph"]
[Date "2002.08.11"]
[Round "8"]
[White "Hacatoglu, Kevork"]
[Black "Ivanov, Igor Vasilievich"]
[Result "1-0"]
[WhiteElo "2032"]
[BlackElo "2489"]
[PlyCount "43"]
[EventDate "2002.08.07"]
[EventType "swiss"]
[EventRounds "9"]
[EventCountry "CAN"]
[SourceTitle "CBM 089 Extra"]
[Source "ChessBase"]
[SourceDate "2002.09.10"]
[SourceVersion "2"]
[SourceVersionDate "2002.09.10"]
[SourceQuality "1"]

1. e4 c5 2. Nf3 d6 3. d4 cxd4 4. Nxd4 Nf6 5. Nc3 a6 6. f4 Bg4 7. Be2 Bxe2 8. Qxe2 e5 9. fxe5 dxe5 10. Nf5 g6 11. Ne3 Bb4 12. 0-0 Bxc3 13. bxc3 Nbd7 14. Ba3 Qc7 15. Nc4 0-0-0 16. Nd6+ Kb8 17. Rab1 Nc5 18. Nxb7 Nxb7 19. Rxf6 Rd7 20. Qxa6 Rhd8 21. Rxb7+ Qxb7 22. Rb6 1-0

[Event "Guelph op"]
[Site "Guelph"]
[Date "2002.08.11"]
[Round "9"]
[White "Ivanov, Igor Vasilievich"]
[Black "Rolfe, Warrick"]
[Result "1-0"]
[WhiteElo "2489"]
[BlackElo "2042"]
[PlyCount "117"]
[EventDate "2002.08.07"]
[EventType "swiss"]
[EventRounds "9"]
[EventCountry "CAN"]
[SourceTitle "CBM 089 Extra"]
[Source "ChessBase"]
[SourceDate "2002.09.10"]
[SourceVersion "2"]
[SourceVersionDate "2002.09.10"]
[SourceQuality "1"]

1. b3 Nf6 2. Bb2 b6 3. Nf3 Bb7 4. g3 e6 5. Bg2 Be7 6. 0-0 0-0 7. c4 c5 8. Nc3 d6 9. e3 Nbd7 10. Qe2 Re8 11. Rad1 Qc7 12. d4 cxd4 13. Nb5 Qb8 14. Rxd4 a6 15. Nc3 Nf8 16. Rfd1 Rd8 17. e4 Ng6 18. a4 Qc7 19. Ba3 Ne5 20. R4d2 Rac8 21. Nd4 Nc6 22. Nxc6 Bxc6 23. f4 Ne8 24. Rd3 b5 25. cxb5 axb5 26. axb5 Qa7+ 27. Kh1 Qxa3 28. bxc6 Rxc6 29. Nb5 Qa6 30. Nd4 Rb6 31. Qf3 Bf6 32. Ne2 Rdb8 33. f5 exf5 34. exf5 Be5 35. Bf1 Qb7 36. Qxb7 R6xb7 37. Nc1 Bb2 38. Bg2 Rc7 39. Ne2 h6 40. Nf4 Nf6 41. Nd5 Rc2 42. Nxf6+ Bxf6 43. Bd5 Re8 44. Bf3 Rb8 45. Rb1 Rb6 46. b4 Rc4 47. b5 Rc5 48. Rd5 g6 49. Rxc5 dxc5 50. Be2 Kg7 51. Bc4 g5 52. Kg2 Bd4 53. Kf3 Kf6 54. g4 Rd6 55. b6 Be5 56. b7 Rd4 57. Rb6+ Ke7 58. f6+ Kd7 59. Bb5+ 1-0

[Event "Guelph op"]
[Site "Guelph"]
[Date "2002.08.10"]
[Round "7"]
[White "Tyomkin, Dimitri"]
[Black "Ivanov, Igor Vasilievich"]
[Result "1/2-1/2"]
[WhiteElo "2482"]
[BlackElo "2489"]
[PlyCount "53"]
[EventDate "2002.08.07"]
[EventType "swiss"]
[EventRounds "9"]
[EventCountry "CAN"]
[SourceTitle "CBM 089 Extra"]
[Source "ChessBase"]
[SourceDate "2002.09.10"]
[SourceVersion "2"]
[SourceVersionDate "2002.09.10"]
[SourceQuality "1"]

1. d4 g6 2. Nf3 Bg7 3. Bg5 Nf6 4. Nbd2 c5 5. e3 b6 6. Be2 d6 7. 0-0 0-0 8. c3 Ba6 9. Bxa6 Nxa6 10. Qe2 Qc8 11. e4 cxd4 12. Nxd4 Nc5 13. f4 Ne6 14. Nxe6 Qxe6 15. a3 Rac8 16. Rae1 Rc5 17. Bh4 Rh5 18. Bf2 Qg4 19. h3 Qxe2 20. Rxe2 Rc8 21. Nf3 Ra5 22. g3 e6 23. e5 dxe5 24. Nxe5 Nd7 25. Bd4 Rd5 26. Kg2 a6 27. g4 1/2-1/2

[Event "Canadian op"]
[Site "Montreal"]
[Date "2002.07.14"]
[Round "3"]
[White "Ivanov, Igor Vasilievich"]
[Black "Lawson, Eric"]
[Result "1-0"]
[WhiteElo "2489"]
[BlackElo "2253"]
[PlyCount "55"]
[EventDate "2002.07.13"]
[EventType "swiss"]
[EventRounds "10"]
[EventCountry "CAN"]
[SourceTitle "CBM 089 Extra"]
[Source "ChessBase"]
[SourceDate "2002.09.10"]
[SourceVersion "2"]
[SourceVersionDate "2002.09.10"]
[SourceQuality "1"]

1. Nf3 Nf6 2. c4 e6 3. g3 b6 4. Bg2 Bb7 5. d4 Be7 6. Nc3 Ne4 7. Nxe4 Bxe4 8. Nh4 Bxg2 9. Nxg2 f5 10. 0-0 0-0 11. b3 Bf6 12. Bb2 Qe7 13. Qc2 d6 14. e4 fxe4 15. Qxe4 Nd7 16. Rae1 Rfe8 17. Nf4 Nf8 18. Nh5 c5 19. Nxf6+ Qxf6 20. f4 Rad8 21. Rf2 Qf7 22. Rfe2 d5 23. cxd5 cxd4 24. Qxd4 Qc7 25. Re5 Rd7 26. f5 Qb7 27. fxe6 Rc7 28. Rf5 1-0

[Event "Canadian op"]
[Site "Montreal"]
[Date "2002.07.13"]
[Round "1"]
[White "Ivanov, Igor Vasilievich"]
[Black "Ramaswamy, Kishor"]
[Result "1-0"]
[WhiteElo "2489"]
[BlackElo "2056"]
[PlyCount "55"]
[EventDate "2002.07.13"]
[EventType "swiss"]
[EventRounds "10"]
[EventCountry "CAN"]
[SourceTitle "CBM 089 Extra"]
[Source "ChessBase"]
[SourceDate "2002.09.10"]
[SourceVersion "2"]
[SourceVersionDate "2002.09.10"]
[SourceQuality "1"]

1. d4 d5 2. c4 e6 3. Nc3 Nf6 4. Bg5 Nbd7 5. e3 c6 6. a3 Be7 7. Nf3 0-0 8. c5 Re8 9. Bf4 Nh5 10. Bd3 Nxf4 11. exf4 b6 12. b4 a5 13. 0-0 Ba6 14. b5 cxb5 15. c6 Nb8 16. Ne5 Bd6 17. Bxh7+ Kxh7 18. Nxf7 Qc7 19. Nxd6 Rf8 20. Ncxb5 Bxb5 21. Nxb5 Qxc6 22. Qd3+ Kg8 23. Rac1 Qd7 24. Rc7 Qe8 25. Re1 Na6 26. Rb7 Rb8 27. Ra7 Ra8 28. Rxa6 1-0

[Event "Montreal m1"]
[Site "Montreal"]
[Date "2002.07.09"]
[Round "1"]
[White "Charbonneau, Pascal"]
[Black "Ivanov, Igor Vasilievich"]
[Result "0-1"]
[WhiteElo "2422"]
[BlackElo "2489"]
[PlyCount "122"]
[EventDate "2002.07.09"]
[EventType "match"]
[EventRounds "4"]
[EventCountry "CAN"]
[SourceTitle "EXT 2009"]
[Source "ChessBase"]
[SourceDate "2008.11.26"]
[SourceVersion "1"]
[SourceVersionDate "2008.11.26"]
[SourceQuality "1"]

1. e4 c5 2. Nf3 e6 3. d4 cxd4 4. Nxd4 Nf6 5. Nc3 Nc6 6. Be3 d6 7. Bc4 Be7 8. Qe2 Na5 9. Bd3 a6 10. 0-0 e5 11. Nb3 Be6 12. f4 exf4 13. Bxf4 Nc6 14. h3 0-0 15. Rad1 Ne5 16. Nd5 Bxd5 17. exd5 Re8 18. Bxe5 dxe5 19. c4 e4 20. Bb1 Rc8 21. Kh1 Qc7 22. Nd2 Bb4 23. Rxf6 gxf6 24. Nxe4 Qe5 25. d6 Rcd8 26. d7 Re6 27. Rd5 Qf4 28. g3 Qc1+ 29. Rd1 Qh6 30. Qg4+ Kf8 31. c5 Re5 32. Nd6 Rg5 33. Qh4 Qxh4 34. gxh4 Rxc5 35. Bf5 Rc7 36. Nc8 h5 37. a3 Be7 38. b4 a5 39. Rd4 axb4 40. axb4 b5 41. Rd5 Bxb4 42. Rxb5 Be7 43. Rd5 Rc1+ 44. Kg2 Re1 45. Kf3 Re5 46. Rxe5 fxe5 47. Ke4 Bxh4 48. Kxe5 Kg7 49. Kd6 Rh8 50. Bd3 Bd8 51. Na7 Rh6+ 52. Kd5 Be7 53. Nc8 Kf8 54. Nxe7 Kxe7 55. Bf5 Ra6 56. Ke4 Ra4+ 57. Ke5 f6+ 58. Kd5 Rf4 59. Be6 Rf1 60. Kc6 Rc1+ 61. Kb7 Rd1 0-1

[Event "USA-ch"]
[Site "Seattle"]
[Date "2002.01.07"]
[Round "3"]
[White "Ivanov, Igor Vasilievich"]
[Black "Benjamin, Joel"]
[Result "1/2-1/2"]
[WhiteElo "2470"]
[BlackElo "2593"]
[PlyCount "66"]
[EventDate "2002.01.05"]
[EventType "swiss"]
[EventRounds "9"]
[EventCountry "USA"]
[SourceTitle "CBM 087"]
[Source "ChessBase"]
[SourceDate "2002.03.21"]
[SourceVersion "1"]
[SourceVersionDate "2002.03.21"]
[SourceQuality "1"]

1. c4 e5 2. g3 c6 3. Nf3 e4 4. Nd4 d5 5. cxd5 cxd5 6. d3 Nf6 7. Nc3 Bc5 8. Nb3 Bb4 9. dxe4 Nxe4 10. Bd2 Qb6 11. Nxe4 dxe4 12. Bg2 e3 13. fxe3 0-0 14. Bxb4 Qxb4+ 15. Qd2 Qe7 16. Rc1 Nc6 17. Bxc6 bxc6 18. 0-0 Bh3 19. Rf4 Rad8 20. Qc3 Rd6 21. Nd4 Rc8 22. Nf5 Bxf5 23. Rxf5 Re8 24. Rf3 h6 25. Qb3 Re6 26. Rc3 Kh8 27. Qa3 Qc7 28. Qc5 f6 29. Kf2 Qd7 30. Rd3 Qb7 31. Rb3 Qd7 32. Rd3 Qb7 33. Rb3 Qd7 1/2-1/2

[Event "American op 37th"]
[Site "Los Angeles"]
[Date "2001.11.25"]
[Round "7"]
[White "Ivanov, Igor Vasilievich"]
[Black "Mikhailuk, Slava"]
[Result "1-0"]
[WhiteElo "2461"]
[BlackElo "2442"]
[PlyCount "75"]
[EventDate "2001.11.22"]
[EventType "swiss"]
[EventRounds "8"]
[EventCountry "USA"]
[SourceTitle "CBM 085 Extra"]
[Source "ChessBase"]
[SourceDate "2002.01.21"]
[SourceVersion "1"]
[SourceVersionDate "2002.01.21"]
[SourceQuality "1"]

1. c4 c5 2. Nf3 e6 3. e3 Nf6 4. d4 cxd4 5. exd4 d5 6. Nc3 Be7 7. cxd5 Nxd5 8. Bd3 0-0 9. 0-0 Nc6 10. Re1 Nxc3 11. bxc3 b6 12. Qc2 g6 13. h4 Bf6 14. Bg5 Bxg5 15. Nxg5 Bd7 16. Qd2 Qf6 17. Nf3 Rad8 18. Re4 Bc8 19. Rae1 Bb7 20. Rf4 Qg7 21. Be4 Na5 22. Bxb7 Nxb7 23. Ne5 Rd6 24. Qe2 Na5 25. Qf3 f6 26. Ng4 f5 27. Ne5 Rc8 28. Qg3 Qf6 29. Rf3 Rdd8 30. Qf4 Nc6 31. Ng4 Qe7 32. Nh6+ Kg7 33. h5 Rd5 34. Rh3 g5 35. Rg3 g4 36. c4 Ra5 37. d5 Qf6 38. Rxe6 1-0

[Event "Continental op"]
[Site "Las Vegas"]
[Date "2001.07.29"]
[Round "6"]
[White "Ivanov, Igor Vasilievich"]
[Black "Atalik, Suat"]
[Result "1-0"]
[WhiteElo "2461"]
[BlackElo "2537"]
[PlyCount "143"]
[EventDate "2001.07.26"]
[EventType "swiss"]
[EventRounds "6"]
[EventCountry "USA"]
[SourceTitle "EXT 2002"]
[Source "ChessBase"]
[SourceDate "2001.11.25"]
[SourceVersion "1"]
[SourceVersionDate "2001.11.25"]
[SourceQuality "1"]

1. Nf3 d5 2. d4 Nf6 3. c4 c6 4. Nc3 dxc4 5. a4 Bf5 6. e3 e6 7. Bxc4 Bb4 8. 0-0 0-0 9. Qb3 Qe7 10. h3 c5 11. Na2 Nc6 12. Nxb4 Na5 13. Nc6 Nxc6 14. dxc5 Qxc5 15. Qb5 Qe7 16. b3 Ne4 17. Ba3 Qc7 18. Bxf8 a6 19. Bd6 Qxd6 20. Qb6 Qe7 21. Rad1 Nc3 22. Rc1 Na2 23. Ra1 Nab4 24. Rfd1 Be4 25. Ne1 Rc8 26. f3 Bg6 27. Rd2 h5 28. Rad1 Rc7 29. e4 Ne5 30. Qd6 Qxd6 31. Rxd6 Nxc4 32. bxc4 Rxc4 33. Rb6 Nc6 34. Rxb7 Rxa4 35. Nd3 Rd4 36. Nb2 h4 37. Rc1 Ne5 38. Rc5 f6 39. Rcc7 Nf7 40. Ra7 e5 41. Rxa6 Ng5 42. Nc4 Rd1+ 43. Kf2 Bf7 44. Ne3 Rd2+ 45. Ke1 Rb2 46. Raa7 g6 47. Rc2 Rxc2 48. Nxc2 Ne6 49. Ne3 Nf4 50. Kf2 Nd3+ 51. Kg1 Nf4 52. Ng4 Kg7 53. Kh2 Nh5 54. Ne3 Kg8 55. Nd5 Kg7 56. Kg1 g5 57. Kf2 Nf4 58. Nxf4 gxf4 59. Ke2 Kg6 60. Kd3 Bb3 61. Kc3 Be6 62. Kb4 Bg8 63. Rb7 Ba2 64. Kc5 Be6 65. Rc7 Bb3 66. Kd6 Ba4 67. Ke7 Bb5 68. Kf8 f5 69. Rg7+ Kf6 70. Rf7+ Kg6 71. exf5+ Kg5 72. Ke7 1-0